Copyright act 1987 : copyright regulations =
| Format: | Book |
|---|---|
| Published: |
Kuala Lumpur:
MDC,
1987.
|
| Subjects: |
| LEADER | 00522cam a2200145 7i4500 | ||
|---|---|---|---|
| 001 | 0000002697 | ||
| 005 | 19991025090000.0 | ||
| 002 | ##000003953 | ||
| 020 | 0 | 0 | |a 967-70-0068-3 |
| 090 | 0 | 0 | |a M 346.048 209595 |b COP |
| 245 | 0 | 0 | |a Copyright act 1987 : |b copyright regulations = |l akta hakcipta 1987 : |b copyright regulations : |b peraturan-peraturan hakcipta. |
| 260 | 0 | 0 | |a Kuala Lumpur: |b MDC, |c 1987. |
| 300 | 0 | 0 | |a 150p. |
| 650 | 0 | 0 | |a Copyright -- |x Law and legislation -- |z Malaysia |
| 999 | |a 000004250 |b Book |c Open shelf |e Business Information Centre | ||


